| 000 | 00391nam a2200157Ia 4500 | ||
|---|---|---|---|
| 008 | 210210b1989 xxu||||| |||| 00| 0 eng d | ||
| 020 | _a0 340 50441 2 | ||
| 082 | _a428.1 THOA | ||
| 100 | _aTHOMAS (B J). | ||
| 245 | _aAdvanced vocabulary and idiom. | ||
| 260 |
_aLondon _bEdward Arnold _c1989 |
||
| 300 | _a121 | ||
| 650 | _aVocabulary idiom | ||
| 690 | _aEnglish Usage | ||
| 906 | _a043662 | ||
| 999 |
_c93299 _d93299 |
||